Bilecik Bilecik Bilecik Bilecik Bilecik

Çeşitli ağaç ve otsu bitki ekstraktlarından çevre ile uyumlu doğal renklendirici ve koruyucu mobilya üst yüzey işlem maddelerinin geliştirilmesi/ (Record no. 15393)

MARC details
000 -BAŞLIK
Sabit Uzunluktaki Kontrol Alanı 01370nam a22003857a 4500
001 - KONTROL NUMARASI
Control Dosyası 0015430
003 - KONTROL NUMARASI KİMLİĞİ
Kontrol Alanı KOHA_MİRAKIL
005 - EN SON İŞLEM TARİHİ ve ZAMANI
Kontrol Alanı 20260207002029.0
007 - FİZİKSEL TANIM SABİT ALAN - GENEL BİLGİ
Sabit uzunluklu kontrol alanı ta
008 - SABİT UZUNLUKTAKİ VERİ ÖGELERİ - GENEL BİLGİ
Sabit Alan 151231b2007 tu a|||gr||||#||||0|tur |
020 ## - ISBN - ULUSLARARASI STANDART KİTAP NUMARASI
Isbn 9757207780
Kullanılabilirlik koşulları 0,01
040 ## - KATALOGLAMA KAYNAĞI
Özgün Kataloglama Kurumu TR-BiSEU
Kataloglama Dili tur
Çeviri Kurumu TR-BiSEU
Açıklama Kuralları rda
041 0# - DİL KODU
Metin ya da ses kaydının dil kodu tur
044 ## - YAYINLAYAN/ÜRETEN KURULUŞUN ÜLKE KODU
ISO country code tu
050 ## - SINIFLAMA ve YER NUMARASI
Sınıflama Numarası TT199.4
Yer Numarası .G65 2007
100 1# - KİŞİ ADI
Yazar Adı (Kişi adı) Göktaş, Osman.
245 1# - ESER ADI BİLDİRİMİ
Başlık Çeşitli ağaç ve otsu bitki ekstraktlarından çevre ile uyumlu doğal renklendirici ve koruyucu mobilya üst yüzey işlem maddelerinin geliştirilmesi/
Sorumluluk Bildirimi Osman Göktaş ; Osman Göktaş, Ramazan Mammadov, Ergün Baysal...[ve bşk.].
264 #1 - ÜRERİM, YAYIN, DAĞITIM ve TELİF BİLDİRİMİ
Yayın yeri Muğla :
Yayınlayan Muğla Üniversitesi yayınları
Yayın tarihi 2007
300 ## - FİZİKSEL TANIMLAMA
Sayfa, Cilt vb. 250 sayfa: resimli; 29 cm.
336 ## - İÇERİK TÜRÜ
Content type term metin
Content type code txt
Source rdacontent
337 ## - MEDYA TÜRÜ
Media type term aracısız
Media type code n
Source rdamedia
338 ## - TAŞIYICI TÜRÜ
Carrier type term cilt
Carrier type code nc
Source rdacarrier
490 1# - DİZİ BİLDİRİMİ
Dizi Bildirimi Muğla Üniversitesi yayınları ;
Cilt Numarası no.
490 1# - DİZİ BİLDİRİMİ
Dizi Bildirimi 74.
490 1# - DİZİ BİLDİRİMİ
Dizi Bildirimi Rektörlük yayınları ;
Cilt Numarası 53.
500 ## - GENEL NOT
Genel Not Kaynakça var.
650 #0 - KONU BAŞLIĞI EK GİRİŞ - KONU TERİMİ
Konusal terim veya coğrafi ad Furniture painting.
9 (RLIN) 35815
650 #0 - KONU BAŞLIĞI EK GİRİŞ - KONU TERİMİ
Konusal terim veya coğrafi ad Decoration and ornament.
9 (RLIN) 35816
650 #0 - KONU BAŞLIĞI EK GİRİŞ - KONU TERİMİ
Konusal terim veya coğrafi ad Furniture finishing.
9 (RLIN) 35817
650 #0 - KONU BAŞLIĞI EK GİRİŞ - KONU TERİMİ
Konusal terim veya coğrafi ad Furniture--Repairing.
9 (RLIN) 35818
830 1# - SERİ EK GİRİŞİ - TEKBİÇİM ESER ADI
Tekbiçim Başlık Muğla Üniversitesi yayınları ;
Volume number/sequential designation no.
9 (RLIN) 12706
830 1# - SERİ EK GİRİŞİ - TEKBİÇİM ESER ADI
Tekbiçim Başlık 74.
9 (RLIN) 26379
830 1# - SERİ EK GİRİŞİ - TEKBİÇİM ESER ADI
Tekbiçim Başlık Rektörlük yayınları ;
Volume number/sequential designation 53.
9 (RLIN) 12707
942 ## - EK GİRİŞ ÖGELERİ (KOHA)
Source of classification or shelving scheme Library of Congress Classification
Koha item type Book
Holdings
Materyal Türü Kalıcı Konum Mevcut Konum Raf Yeri Sınıflandırma Kaynağı Edinim Bilgisi Ana Konular Alt Konular Yer Numarası Demirbaş Numarası Fatura Tarihi Geri Çekilme Durumu Kayıp Durumu Hasarlı Durumu Kredi için değil Kayıt Tarih Toplam Ödünçverme Son Görülme Tarihi Son Kontrol Tarihi Genel / Bağış Notu
Book Prof. Dr. Azmi Özcan Kütüphanesi Prof. Dr. Azmi Özcan Kütüphanesi Birûni Salonu Library of Congress Classification Bağış TEKNOLOJİ El Sanatları, Sanatlar ve Zanaatlar TT199.4 .G65 2007 0015430 13/08/2010         19/03/2010   05/12/2024 05/12/2024 Genel Bağış
Book Prof. Dr. Azmi Özcan Kütüphanesi Prof. Dr. Azmi Özcan Kütüphanesi Birûni Salonu Library of Congress Classification Satın TEKNOLOJİ El Sanatları, Sanatlar ve Zanaatlar TT199.4 .G65 2007 0054478 02/02/2026         31/12/2015   05/12/2024 05/12/2024